Seeley's essentials of anatomy & physiology (Record no. 16867)

MARC details
000 -LEADER
fixed length control field 00631nam a22002057a 4500
008 - FIXED-LENGTH DATA ELEMENTS--GENERAL INFORMATION
fixed length control field 180623b xxu||||| |||| 00| 0 eng d
020 ## - INTERNATIONAL STANDARD BOOK NUMBER
International Standard Book Number 0071318136
040 ## - CATALOGING SOURCE
Original cataloging agency KABU
Transcribing agency KABU
050 ## - LIBRARY OF CONGRESS CALL NUMBER
Classification number QP34.5
Item number .V36 2013 c. 1
100 ## - MAIN ENTRY--PERSONAL NAME
Personal name VanPutte, Cinnamon
245 ## - TITLE STATEMENT
Title Seeley's essentials of anatomy & physiology
Statement of responsibility, etc. Cinnamon VanpPutte, Jennifer Regan, Andrew Russo
250 ## - EDITION STATEMENT
Edition statement 8th ed.
260 ## - PUBLICATION, DISTRIBUTION, ETC. (IMPRINT)
Place of publication, distribution, etc. New York
Name of publisher, distributor, etc. McGraw-Hill Companies
Date of publication, distribution, etc. 2013
300 ## - PHYSICAL DESCRIPTION
Extent 3 vol. (various pagings)
650 ## - SUBJECT ADDED ENTRY--TOPICAL TERM
Topical term or geographic name as entry element Human physiology
650 ## - SUBJECT ADDED ENTRY--TOPICAL TERM
Topical term or geographic name as entry element Human anatomy
700 ## - ADDED ENTRY--PERSONAL NAME
Personal name Regan, Jennifer
700 ## - ADDED ENTRY--PERSONAL NAME
Personal name Russo, Andrew
942 ## - ADDED ENTRY ELEMENTS (KOHA)
Source of classification or shelving scheme Library of Congress Classification
Koha item type General Collection
Classification part QP34.5
Holdings
Withdrawn status Lost status Source of classification or shelving scheme Not for loan Home library Current library Shelving location Date acquired Cost, normal purchase price Total Checkouts Total Renewals Full call number Barcode Checked out Date last seen Date last checked out Copy number Price effective from Koha item type
    Library of Congress Classification   Kabarak, Main Campus Kabarak, Main Campus General Stacks 23/06/2018 4200.00 36 2 QP34.5 .V36 2013 c. 1 025078 07/04/2026 22/03/2026 22/03/2026 c. 1 23/06/2018 General Collection
    Library of Congress Classification   Kabarak, Main Campus Kabarak, Main Campus General Stacks 23/06/2018 4200.00 23 1 QP34.5 .V36 2013 c. 2 025079   07/04/2021 19/03/2021 c. 2 23/06/2018 General Collection
    Library of Congress Classification   Kabarak, Main Campus Kabarak, Main Campus General Stacks 23/06/2018 4200.00 33 4 QP34.5 .V36 2013 c. 3 025080   08/04/2026 23/03/2026 c. 3 23/06/2018 General Collection
Designed with assistance from East African Informatics Ltd